MARC

LEADER 00000nam0a2200000 4500
001 159995
005 20231101222144.0
010 |a 5724507471 
020 |a RU  |b 92-3868 
035 |a (RuTPU)RU\TPU\book\173515 
090 |a 159995 
100 |a 20090516d1992 km y0rusy5003 ca 
101 0 |a rus 
102 |a RU 
105 |a a z 001zy 
200 1 |a Технология газовой серы  |f В. Р. Грунвальд 
210 |a Москва  |c Химия  |d 1992 
215 |a 271,[1] с.  |c ил. 
320 |a Библиогр.: с. 269-272 (155 назв.). 
606 1 |a Сера газовая  |2 stltpush  |3 (RuTPU)RU\TPU\subj\32033  |9 54719 
610 1 |a сера 
610 1 |a сероводород 
610 1 |a производство 
610 1 |a окисление 
610 1 |a кислые газы 
610 1 |a катализаторы 
610 1 |a метод Клауса 
610 1 |a технологическое оборудование 
610 1 |a дегазация 
610 1 |a экология 
610 1 |a транспортирование 
610 1 |a хранение 
675 |a 661.2  |z rus 
700 1 |a Грунвальд  |b В. Р.  |g Владимир Робертович  |4 070 
801 0 |a RU  |b RuMRKP  |c 19950417  |g psbo 
801 1 |a RU  |b 63413507  |c 20090516  |g PSBO 
801 2 |a RU  |b 63413507  |c 20091225  |g PSBO 
942 |c BK